000 00348nam a22001577a 4500
999 _c264114
_d264113
003 OSt
005 20240725123859.0
008 240725b xxu||||| |||| 00| 0 eng d
020 _a9780545484855
040 _cM507
100 _aDAISY MEADOWS
245 _aRANBOW MAGIC
260 _aU.S.A
_bSHOLASTIC
_c2012
300 _a64P
942 _2lcc
_cBK